000 00699nam a2200253Ia 4500
003 OSt
005 20220924132005.0
006 a|||||r|||| 00| 0
007 ta
008 220923b |||||||| |||| 00| 0 tel d
024 _a338897
037 _cTextual
040 _aARTS
_cARTS
_btel
041 _2tel
_atel
082 _aC15, 35K1
100 _aHaidi Markaret O Au.
_9203481
245 0 _aRodaseerahasyalu
260 _aVijayawada-2
_bDesikavita mandali India
_c1961
300 _a206p.
_ccm.
650 _aPHYSICS
700 _a Kishore Raghu Tr.
_9203482
942 _hC15, 35K1
_cTEXL
_2CC
999 _c428917
_d428917